000
00320 a2200157 4500
001
160811
020
_a
040
_c
Magnum
100
_a
Junqueira, Sonia
240
1
0
_a
O macaco medroso
_l
por
245
1
0
_a
O macaco medroso
362
0
_a
1899
440
1
_a
Ática
697
_a
LITERATURA INFANTIL
942
_c
BK
999
_c
160811
_d
160811